Airline Logos #4 - Statistics

General Stats
  • This quiz has been taken 64 times
  • The average score is 7 of 16
Answer Stats
Picture Answer % Correct
Finnair
80%
Ethiopian Airlines
72%
Iberia
70%
Transavia
65%
China Airlines
63%
Aeromexico
54%
Austrian Airlines
48%
Icelandair
48%
Vietnam Airlines
46%
Oman Air
30%
Allegiant Air
28%
Air Serbia
22%
Rossiya Airlines
22%
Belavia
13%
HK Express
9%
Wideroe
9%
No matching quizzes found
Score Distribution
Percent of People with Each Score
Percentile by Number Answered
Your Score History
You have not taken this quiz